Shirley / (Record no. 347125)

000 -LEADER
fixed length control field 01463 a2200193 4500
020 ## - INTERNATIONAL STANDARD BOOK NUMBER
International Standard Book Number 1853260649 (paperback)
020 ## - INTERNATIONAL STANDARD BOOK NUMBER
International Standard Book Number 9781853260643 (paperback)
082 04 - DEWEY DECIMAL CLASSIFICATION NUMBER
Classification number 813
090 ## - LOCALLY ASSIGNED LC-TYPE CALL NUMBER (OCLC); LOCAL CALL NUMBER (RLIN)
-- 4692
-- 4692
100 1# - MAIN ENTRY--PERSONAL NAME
Personal name Bronte, Charlotte.
245 10 - TITLE STATEMENT
Title Shirley /
Statement of responsibility, etc. Charlotte Bronte.
260 ## - PUBLICATION, DISTRIBUTION, ETC.
Place of publication, distribution, etc. [S.l.] :
Name of publisher, distributor, etc. Wordsworth Editions Ltd,
Date of publication, distribution, etc. 1998.
300 ## - PHYSICAL DESCRIPTION
Extent 496 p. ;
Dimensions 20 cm.
490 1# - SERIES STATEMENT
Series statement Wordsworth classics) (wordsworth collection.
520 ## - SUMMARY, ETC.
Summary, etc. The Shirley of the title is a woman of independent means; her friend Caroline is not. Both struggle with what a woman's role is and can be. Their male counterparts - Louis, the powerless tutor, and Robert, his cloth-manufacturing brother - also stand at odds to society's expectations. The novel is set in a period of social and political ferment, featuring class disenfranchisement, the drama of Luddite machine-breaking, and the divisive effects of the Napoleonic Wars. But Charlotte Bront's particular strength lies in exploring the hidden psychological drama of love, loss and the quest for identity. Personal and public agitation are brought together against the dramatic backdrop of her native Yorkshire. As always, Bront challenges convention, exploring the limitations of social justice whilst telling not one but two love stories.
830 #0 - SERIES ADDED ENTRY--UNIFORM TITLE
Uniform title Wordsworth classics) (wordsworth collection.
856 40 - ELECTRONIC LOCATION AND ACCESS
Materials specified Amazon.com
Uniform Resource Identifier <a href="http://www.amazon.com/exec/obidos/ASIN/1853260649/chopaconline-20">http://www.amazon.com/exec/obidos/ASIN/1853260649/chopaconline-20</a>
942 ## - ADDED ENTRY ELEMENTS (KOHA)
Institution code [OBSOLETE] NBS
Koha item type Book
Call number prefix 823.8 BRO
Holdings
Withdrawn status Lost status Damaged status Not for loan Permanent Location Current Location Date acquired Total Checkouts Total Renewals Full call number Barcode Date last seen Date last checked out Price effective from Koha item type
        Central Library (CL) Central Library (CL) 08/28/2013 4 1 823.8 BRO NBS5605 02/11/2020 01/22/2020 08/28/2013 Book
© 2023 Central Library, National University of Sciences and Technology. All Rights Reserved.